03715cam a2200385Ia 450000100090000000300090000900500170001800600190003500700150005400800410006902000180011002000150012802000180014302000150016102400180017603500240019403500210021803500180023904000820025705000240033908200310036310000210039424501130041526000330052830000390056150000200060050200060062050506160062652016630124265000320290565500220293777601520295985601100311185601080322111496725USPCAS-E20180118181413.0m o d cr cn|||||||||111205s2012 enk o 001 0 eng d a9780123859365 a0123859360 a9780123859372 a01238593798 a9786613347886 a(OCoLC)ocn767518886 a(OCoLC)767518886 a(NNC)11496725 aOPELSbengepncOPELSdCDXdCOOdE7BdTEFdCUSdDEBSZdOCLCQdVLBdZCUdOCLCQ 4aTK1541b.T46 2012eb04a621.312136223bTHO-O 20121 aThomsen, Kurt E.10aOffshore windh[electronic resource] :ba comprehensive guide to successful offshore wind farm installation. aOxford :bElsevier,c©2012. a1 online resource (xxi, 324 pages) aIncludes index. a00 a1. What Is an Offshore Wind Farm? -- 2. Obtaining Permits for Wind Farms -- 3. Project Planning -- 4. The Basic Organization -- 5. Project Preparation -- 6. Project Execution -- 7. Interface Management -- 8. Health, Safety, and Environmental Management -- 9. Work Vessel Coordination -- 10. Logistics Solutions -- 11. Commonly Used Installation Methods -- 12. Vessels and Transport to the Offshore Installations -- 13. Basic Information about Ports -- 14. Project Criteria -- 15. Transporting Wind Turbines -- 16. Deployment Strategies -- 17. Repairing Offshore Wind Farms -- 18. Environmental and Other Issues. aOffshore wind is the new blue horizon for Alternative Energy. One small offshore wind farm can produce more power than a whole coal plant, or a nuclear reactor. However, very few people have real experience getting an offshore wind farm up and running. This book is the first-ever roadmap to successful offshore wind installation. It provides a ready reference for wind project managers, teaching them how to deal with complications on-site, as well as for financers, who can utilize the text as an easy guide to asking the pivotal questions of petitioning wind project developers, whose planning stages will be improved by the book's expert advice on how to avoid wasting money by scoping out and mitigating potential problems up-front. Wind turbine manufacturers will benefit from insights into design optimization to support cheaper installation and hauling, thereby incurring lower project costs, and helping developers establish a quicker route to profitability. The book sheds light not just on HOW to solve a particul installation difficulty, but delves into WHY the problem may best be solved in that way. Readers will learn not just how to build successful offshore wind farms, but how to do so in the most safe and economical way possible. Enables all stakeholders to achieve cheaper, faster and safer offshore wind project realization Explains the different approaches to executing on- and offshore projects, highlighting the economic impacts of the various financial and operational choices Provides practical, proven advice on how tough challenges can be overcome, using real-life examples from the author's experiences to illustrate key issues. 0aOffshore wind power plants. 4aElectronic books.08iPrint version:aThomsen, Kurt E.tOffshore wind.dWaltham. MA : Elsevier/Academic Press, ©2012z9780123859365w(DLC) 2012359362w(OCoLC)73192545440uhttp://www.columbia.edu/cgi-bin/cul/resolve?clio11496725.001zACADEMIC - Sustainable Energy & Development40uhttp://www.columbia.edu/cgi-bin/cul/resolve?clio11496725.002zACADEMIC - Electrical & Power Engineering